[Event "GER-chT U14"]
[Site "Regensburg"]
[Date "2014.12.27"]
[Round "2.3"]
[White "Tschammer, Kai"]
[Black "Graf, Lucas"]
[Result "0-1"]
[WhiteElo "1581"]
[BlackElo "1482"]
[PlyCount "108"]
[EventDate "2014.12.27"]
[EventType "team-swiss"]
[EventRounds "7"]
[EventCountry "GER"]
[SourceTitle "EXT 2016"]
[Source "ChessBase"]
[SourceDate "2015.10.08"]
[SourceVersion "1"]
[SourceVersionDate "2015.10.08"]
[SourceQuality "1"]
[WhiteTeam "Erlangen"]
[BlackTeam "Plauen Koenig"]
[WhiteTeamCountry "GER"]
[BlackTeamCountry "GER"]

1. e4 c5 2. Nc3 Nc6 3. f4 e6 4. Bb5 Qc7 5. d3 Nge7 6. Nf3 a6 7. Bxc6 Nxc6 8. 0-0 Be7 9. f5 0-0 10. Ne2 d5 11. Ng3 b5 12. Bg5 Bxg5 13. Nxg5 exf5 14. exf5 Qe5 15. Qc1 h6 16. Nf3 Qf6 17. Ne1 Re8 18. Rf3 Nd4 19. Rf1 Bxf5 20. c3 Ne2+ 21. Nxe2 Rxe2 22. Qf4 Be6 23. Qxf6 gxf6 24. Rxf6 Rxb2 25. Rxh6 Kg7 26. Rh4 Rh8 27. Rf4 Kg6 28. h3 a5 29. Rf2 Rxf2 30. Kxf2 b4 31. cxb4 axb4 32. Nc2 Bf5 33. Ne1 c4 34. dxc4 dxc4 35. Nf3 f6 36. Nd4 Rc8 37. Rc1 Bd3 38. Kf3 Ra8 39. Nc6 b3 40. Nb4 b2 41. Nxd3 bxc1Q 42. Nxc1 Kf5 43. g4+ Ke5 44. h4 Ra3+ 45. Kg2 Kf4 46. g5 fxg5 47. hxg5 Rg3+ 48. Kf2 Rxg5 49. Ke2 Rg2+ 50. Kd1 Ke3 51. a4 c3 52. Nb3 Rb2 53. Nc1 c2+ 54. Ke1 Rb1 0-1

[Event "Forchheim op-B 13th"]
[Site "Forchheim"]
[Date "2014.10.04"]
[Round "3"]
[White "Krenz, Sarah"]
[Black "Tschammer, Kai"]
[Result "1-0"]
[WhiteElo "1992"]
[BlackElo "1668"]
[PlyCount "81"]
[EventDate "2014.10.03"]
[EventType "swiss"]
[EventRounds "5"]
[EventCountry "GER"]
[SourceTitle "EXT 2019"]
[Source "ChessBase"]
[SourceDate "2018.10.10"]
[SourceVersion "1"]
[SourceVersionDate "2018.10.10"]
[SourceQuality "1"]

1. d4 d5 2. Nf3 Nf6 3. c4 dxc4 4. g3 e6 5. Bg2 Be7 6. Qa4+ Bd7 7. Qxc4 0-0 8. Ne5 c6 9. 0-0 Nd5 10. e4 Nb6 11. Qc2 f6 12. Nd3 f5 13. Nc3 Be8 14. Ne2 Bh5 15. Nef4 Bf7 16. Be3 N8d7 17. Rfd1 Nf6 18. Nc5 Qc8 19. Rac1 Re8 20. exf5 exf5 21. Nxb7 Nc4 22. Nc5 Bxc5 23. dxc5 Nxe3 24. fxe3 Rxe3 25. Re1 Rxe1+ 26. Rxe1 Rb8 27. b3 Qd7 28. Rd1 Qe8 29. Qxf5 Bh5 30. Nxh5 Nxh5 31. Qe4 Qxe4 32. Bxe4 Rc8 33. Rd6 Nf6 34. Bxc6 Kf8 35. b4 Ke7 36. a4 Rb8 37. b5 Rc8 38. Kg2 Ne8 39. Rd7+ Kf8 40. Rxa7 Nc7 41. Kf3 1-0

[Event "Forchheim op-B 13th"]
[Site "Forchheim"]
[Date "2014.10.03"]
[Round "2"]
[White "Tschammer, Kai"]
[Black "Heiler, Karl"]
[Result "0-1"]
[WhiteElo "1668"]
[BlackElo "1846"]
[PlyCount "102"]
[EventDate "2014.10.03"]
[EventType "swiss"]
[EventRounds "5"]
[EventCountry "GER"]
[SourceTitle "EXT 2019"]
[Source "ChessBase"]
[SourceDate "2018.10.10"]
[SourceVersion "1"]
[SourceVersionDate "2018.10.10"]
[SourceQuality "1"]

1. e4 d5 2. exd5 Nf6 3. Bb5+ Bd7 4. Bc4 Bg4 5. f3 Bh5 6. Nc3 Nbd7 7. Nge2 a6 8. 0-0 Nb6 9. Bb3 Nbxd5 10. d4 e6 11. Re1 Be7 12. Ng3 Bg6 13. Bd2 0-0 14. Nce4 Qd7 15. c4 Nb6 16. f4 Qxd4+ 17. Nf2 Rad8 18. Re2 Bc5 19. Be3 Qxd1+ 20. Rxd1 Bxe3 21. Rxe3 Rxd1+ 22. Nxd1 Rd8 23. Nc3 Ng4 24. Re1 Rd4 25. f5 Nxc4 26. Bxc4 Rxc4 27. fxg6 hxg6 28. Rd1 Rc6 29. Rd8+ Kh7 30. Nge4 f6 31. Rd7 Kh6 32. Rd8 g5 33. h3 Ne5 34. Kf2 b5 35. Ke3 Nc4+ 36. Ke2 Nxb2 37. Nd1 Rc2+ 38. Kf1 Nxd1 39. Rxd1 Rxa2 40. Rc1 Ra4 41. Nf2 Rc4 42. Re1 e5 43. Rd1 b4 44. Rb1 a5 45. Nd3 c5 46. Ke1 Rc3 47. Nc1 c4 48. Ne2 Rc2 49. Kd1 b3 50. Ke1 a4 51. Kf1 a3 0-1

[Event "Landesliga U20 Nord 1314"]
[Site "Bayern"]
[Date "2014.01.25"]
[Round "4.2"]
[White "Tschammer, Kai"]
[Black "Siegl, Melina"]
[Result "0-1"]
[WhiteElo "1513"]
[BlackElo "1958"]
[PlyCount "72"]
[EventDate "2013.11.16"]
[EventType "team-tourn"]
[EventRounds "7"]
[EventCountry "GER"]
[SourceTitle "EXT 2022"]
[Source "ChessBase"]
[SourceDate "2021.10.06"]
[SourceVersion "1"]
[SourceVersionDate "2021.10.06"]
[SourceQuality "1"]
[WhiteTeam "Erlangen SC U20 II"]
[BlackTeam "Nuernberg Sued SW U20"]
[WhiteTeamCountry "GER"]
[BlackTeamCountry "GER"]

1. e4 e6 2. d4 d5 3. Nc3 h6 4. Nf3 Nf6 5. Bd3 Bb4 6. e5 Ne4 7. Bd2 Bxc3 8. bxc3 c5 9. dxc5 Nxc5 10. 0-0 0-0 11. Nd4 Nbd7 12. Qh5 f5 13. exf6 Nxf6 14. Qg6 Nxd3 15. cxd3 e5 16. Nf3 Ng4 17. h3 Bf5 18. Qh5 Bxd3 19. Qxg4 Bxf1 20. Rxf1 Qf6 21. Qd7 Rad8 22. Qxb7 e4 23. Nd4 Rf7 24. Qb5 Kh7 25. Qc6 Rd6 26. Qa4 Qe5 27. Qd1 Rg6 28. Re1 Rxf2 29. Kxf2 Qg3+ 30. Ke2 Qd3+ 31. Kf2 Qg3+ 32. Ke2 Qxg2+ 33. Ke3 Qxh3+ 34. Kf2 Rg2+ 35. Kf1 Rxd2+ 36. Kg1 Qg2# 0-1

[Event "GER-chT U14"]
[Site "Magdeburg"]
[Date "2013.12.28"]
[Round "3.3"]
[White "Tschammer, Kai"]
[Black "Schuler, Max"]
[Result "0-1"]
[WhiteElo "1493"]
[BlackElo "1426"]
[PlyCount "64"]
[EventDate "2013.12.27"]
[EventType "team-swiss"]
[EventRounds "4"]
[EventCountry "GER"]
[SourceTitle "EXT 2015"]
[Source "ChessBase"]
[SourceDate "2014.11.20"]
[SourceVersion "1"]
[SourceVersionDate "2014.11.20"]
[SourceQuality "1"]
[WhiteTeam "Erlangen"]
[BlackTeam "Dresden Gruen Weiss"]
[WhiteTeamCountry "GER"]
[BlackTeamCountry "GER"]

1. d4 d5 2. Nc3 c6 3. e4 e6 4. Nf3 Nf6 5. Bd3 Bb4 6. Qe2 0-0 7. Bg5 h6 8. Bh4 Be7 9. e5 Nfd7 10. Bxe7 Qxe7 11. g4 c5 12. dxc5 Nxc5 13. g5 Nxd3+ 14. Qxd3 h5 15. Rg1 g6 16. Nh4 Kg7 17. 0-0-0 Nc6 18. f4 Qb4 19. Rdf1 Qd4 20. Qf3 Qc4 21. Ng2 a5 22. Ne3 Qc5 23. Na4 Qb4 24. Nc3 a4 25. a3 Qc5 26. h4 b5 27. Rd1 b4 28. axb4 Qxb4 29. Rd2 a3 30. b3 Bb7 31. f5 Qxc3 32. fxg6 Qa1# 0-1

[Event "GER-ch U10"]
[Site "Oberhof"]
[Date "2013.05.20"]
[Round "4"]
[White "Tschammer, Kai"]
[Black "Roehr, Tobias"]
[Result "1-0"]
[WhiteElo "1605"]
[BlackElo "1389"]
[PlyCount "65"]
[EventDate "2013.05.19"]
[EventType "swiss"]
[EventRounds "11"]
[EventCountry "GER"]
[SourceTitle "CBM 154 Extra"]
[Source "ChessBase"]
[SourceDate "2013.06.25"]
[SourceVersion "2"]
[SourceVersionDate "2013.06.25"]
[SourceQuality "1"]

1. e4 e5 2. Nf3 Nc6 3. Bc4 Bc5 4. 0-0 d6 5. c3 Be6 6. Bxe6 fxe6 7. d4 exd4 8. cxd4 Bb6 9. Nc3 Nf6 10. d5 exd5 11. exd5 Ne7 12. Qe2 Qd7 13. Ng5 0-0 14. Ne6 Rfe8 15. Qf3 Ba5 16. Nf4 Bxc3 17. bxc3 Rf8 18. c4 b5 19. cxb5 Qxb5 20. Ne6 Rfc8 21. Bh6 Qxd5 22. Qxd5 Nexd5 23. Bxg7 Kf7 24. Bxf6 Kxe6 25. Bb2 c5 26. f4 Kf5 27. Rad1 Ne3 28. Rxd6 Nxf1 29. Kxf1 c4 30. Bc1 Rab8 31. Kf2 c3 32. Kf3 c2 33. g4# 1-0

[Event "GER-ch U10"]
[Site "Oberhof"]
[Date "2013.05.19"]
[Round "1"]
[White "Ziegenfuss, Antonia"]
[Black "Tschammer, Kai"]
[Result "0-1"]
[WhiteElo "1064"]
[BlackElo "1605"]
[PlyCount "60"]
[EventDate "2013.05.19"]
[EventType "swiss"]
[EventRounds "11"]
[EventCountry "GER"]
[SourceTitle "CBM 154 Extra"]
[Source "ChessBase"]
[SourceDate "2013.06.25"]
[SourceVersion "2"]
[SourceVersionDate "2013.06.25"]
[SourceQuality "1"]

1. e4 e5 2. Nc3 Nf6 3. Bc4 Nc6 4. d3 Be7 5. f4 exf4 6. Bxf4 0-0 7. Nf3 Nh5 8. Be3 Kh8 9. 0-0 d6 10. Qe2 f5 11. exf5 Bxf5 12. Rae1 Bg4 13. Bd2 Bh4 14. Rc1 Nd4 15. Qd1 Nxf3+ 16. gxf3 Bh3 17. Kh1 Bxf1 18. Qxf1 Bg5 19. Be1 Bxc1 20. d4 Qf6 21. Be2 Rae8 22. Ne4 Qe6 23. Nc3 Bxb2 24. Ne4 d5 25. Ng3 Nxg3+ 26. Bxg3 Qxe2 27. Qh3 Qxf3+ 28. Kg1 Bxd4+ 29. Bf2 Bxf2+ 30. Kf1 Re1# 0-1

[Event "GER-chT U12"]
[Site "Verden"]
[Date "2012.12.29"]
[Round "5.4"]
[White "Tschammer, Kai"]
[Black "Tiedemann, Fin Niklas"]
[Result "0-1"]
[WhiteElo "1278"]
[BlackElo "1471"]
[PlyCount "88"]
[EventDate "2012.12.27"]
[EventType "team-swiss"]
[EventRounds "7"]
[EventCountry "GER"]
[SourceTitle "EXT 2014"]
[Source "ChessBase"]
[SourceDate "2013.11.20"]
[SourceVersion "1"]
[SourceVersionDate "2013.11.20"]
[SourceQuality "1"]
[WhiteTeam "Erlangen 48/88"]
[BlackTeam "Luebeck"]
[WhiteTeamCountry "GER"]
[BlackTeamCountry "GER"]

1. e4 e5 2. Nf3 Nc6 3. Bc4 Nf6 4. d4 Nxe4 5. dxe5 Nc5 6. 0-0 Be7 7. Nc3 Ne6 8. Ne4 b6 9. Ng3 Bb7 10. Nf5 Rg8 11. Bd5 Ng5 12. Nxe7 Nxf3+ 13. Qxf3 Qxe7 14. Bg5 Qf8 15. b4 a6 16. c4 b5 17. a4 bxc4 18. b5 Nd4 19. Qe4 c6 20. Qxd4 cxd5 21. Qb6 f6 22. Qxb7 Kf7 23. Qxd7+ Kg6 24. Be3 h6 25. Qxd5 Qc8 26. exf6 gxf6 27. Qe4+ Kf7 28. Qd5+ Kg7 29. Rac1 axb5 30. axb5 Kh7 31. Qf7+ Rg7 32. Qxf6 Qg4 33. Qxh6+ Kg8 34. Qh3 Qxh3 35. g3 Rh7 36. Rfd1 Qxh2+ 37. Kf1 Qh1+ 38. Ke2 Ra2+ 39. Rd2 Rxd2+ 40. Bxd2 Qe4+ 41. Be3 Qd3+ 42. Kf3 Rf7+ 43. Kg2 Qe4+ 44. Kf1 Qxe3 0-1

[Event "GER-chT U12"]
[Site "Verden"]
[Date "2012.12.28"]
[Round "3.4"]
[White "Pajeken, Jakob Leon"]
[Black "Tschammer, Kai"]
[Result "1-0"]
[WhiteElo "1475"]
[BlackElo "1278"]
[PlyCount "45"]
[EventDate "2012.12.27"]
[EventType "team-swiss"]
[EventRounds "7"]
[EventCountry "GER"]
[SourceTitle "EXT 2014"]
[Source "ChessBase"]
[SourceDate "2013.11.20"]
[SourceVersion "1"]
[SourceVersionDate "2013.11.20"]
[SourceQuality "1"]
[WhiteTeam "Hamburger SK"]
[BlackTeam "Erlangen 48/88"]
[WhiteTeamCountry "GER"]
[BlackTeamCountry "GER"]

1. e4 e5 2. Nf3 Nc6 3. Bb5 Nf6 4. Nc3 Bb4 5. 0-0 d6 6. Nd5 Bc5 7. d4 exd4 8. b4 Bb6 9. Bg5 h6 10. Bxf6 gxf6 11. Nxb6 axb6 12. Nxd4 Bd7 13. Nxc6 bxc6 14. Bc4 b5 15. Bb3 Qe7 16. c3 Rg8 17. Qd3 0-0-0 18. a4 d5 19. axb5 dxe4 20. Qe3 Bg4 21. bxc6 Kb8 22. Qa7+ Kc8 23. Qb7# 1-0

[Event "Nuremberg Zabo op 14th"]
[Site "Nuremberg"]
[Date "2012.09.16"]
[Round "5"]
[White "Tschammer, Kai"]
[Black "Daumin, Jan"]
[Result "0-1"]
[WhiteElo "1365"]
[BlackElo "1491"]
[PlyCount "52"]
[EventDate "2012.09.14"]
[EventType "swiss"]
[EventRounds "5"]
[EventCountry "GER"]
[SourceTitle "EXT 2018"]
[Source "ChessBase"]
[SourceDate "2017.10.13"]
[SourceVersion "1"]
[SourceVersionDate "2017.10.13"]
[SourceQuality "1"]

1. e4 c6 2. d4 d5 3. exd5 cxd5 4. Nf3 Bf5 5. Bf4 e6 6. Bb5+ Nc6 7. Ne5 Qb6 8. Bxc6+ bxc6 9. Bc1 c5 10. dxc5 Bxc5 11. 0-0 Nf6 12. c4 0-0 13. Bg5 Qxb2 14. Bxf6 Qxa1 15. Nd7 gxf6 16. Qb3 Qd4 17. cxd5 exd5 18. Qg3+ Kh8 19. Nxf8 Rxf8 20. Nc3 Rg8 21. Qf3 Bg4 22. Qg3 Bh5 23. Qh3 Qg4 24. Qxg4 Bxg4 25. Nxd5 Bf3 26. g3 Bxd5 0-1

[Event "Nuremberg Zabo op 14th"]
[Site "Nuremberg"]
[Date "2012.09.15"]
[Round "2.46"]
[White "Tschammer, Kai"]
[Black "Mueller, Roland2"]
[Result "0-1"]
[WhiteElo "1365"]
[BlackElo "1612"]
[PlyCount "76"]
[EventDate "2012.09.14"]
[EventType "swiss"]
[EventRounds "5"]
[EventCountry "GER"]
[SourceTitle "EXT 2022"]
[Source "ChessBase"]
[SourceDate "2021.10.06"]
[SourceVersion "1"]
[SourceVersionDate "2021.10.06"]
[SourceQuality "1"]

1. e4 d6 2. d4 Nf6 3. Nc3 Nbd7 4. Nf3 e6 5. Bc4 c6 6. Bf4 Be7 7. Qd3 a5 8. a4 b6 9. 0-0 d5 10. exd5 exd5 11. Ba2 Ba6 12. Qf5 Bxf1 13. Rxf1 0-0 14. Qh3 Re8 15. Ng5 Nf8 16. Re1 Bd6 17. Be3 Qd7 18. Qf3 h6 19. Nh3 Ng4 20. Nf4 Qf5 21. Nce2 g5 22. Ng3 Qd7 23. Nfh5 Nh7 24. Nf5 Nxh2 25. Nxh6+ Kf8 26. Qe2 Qe6 27. g3 Qxh6 28. Kxh2 Nf6 29. Kg2 Qxh5 30. Qd2 Ne4 31. Qc1 Qg4 32. c4 Rac8 33. Qb1 Bb4 34. Rh1 Bd2 35. Bxd2 Nxd2 36. Rh8+ Ke7 37. Qe1+ Qe4+ 38. Qxe4+ dxe4 0-1

[Event "Nuremberg Zabo op 14th"]
[Site "Nuremberg"]
[Date "2012.09.14"]
[Round "1.46"]
[White "Schloetterer, Hermann"]
[Black "Tschammer, Kai"]
[Result "1-0"]
[WhiteElo "1797"]
[BlackElo "1365"]
[PlyCount "69"]
[EventDate "2012.09.14"]
[EventType "swiss"]
[EventRounds "5"]
[EventCountry "GER"]
[SourceTitle "EXT 2022"]
[Source "ChessBase"]
[SourceDate "2021.10.06"]
[SourceVersion "1"]
[SourceVersionDate "2021.10.06"]
[SourceQuality "1"]

1. f4 d5 2. Nf3 Nf6 3. e3 Bg4 4. Be2 e6 5. c4 Be7 6. h3 Bxf3 7. Bxf3 Nc6 8. a3 0-0 9. 0-0 dxc4 10. Qc2 Bd6 11. Qxc4 Qd7 12. b4 e5 13. Bb2 Rfe8 14. Bxc6 bxc6 15. f5 Rab8 16. Nc3 e4 17. Ne2 Qe7 18. Bd4 Ra8 19. Qxc6 Reb8 20. Nf4 Qd8 21. Qc3 Be7 22. Rac1 Rb7 23. Rf2 Rab8 24. g4 a6 25. Qc4 Rb5 26. Qxc7 Qe8 27. Qc3 Rd8 28. Rg2 Rbb8 29. Qc6 Qf8 30. Qxa6 Ra8 31. Qe2 Rxa3 32. g5 Nd7 33. Nd5 Rb3 34. Bxg7 Qxg7 35. Nxe7+ 1-0

[Event "GER-chT U12"]
[Site "Arendsee"]
[Date "2011.12.29"]
[Round "5.4"]
[White "Hoppe, Andreas"]
[Black "Tschammer, Kai"]
[Result "1-0"]
[WhiteElo "1411"]
[BlackElo "946"]
[PlyCount "43"]
[EventDate "2011.12.27"]
[EventType "team-swiss"]
[EventRounds "7"]
[EventCountry "GER"]
[SourceTitle "EXT 2022"]
[Source "ChessBase"]
[SourceDate "2021.10.06"]
[SourceVersion "1"]
[SourceVersionDate "2021.10.06"]
[SourceQuality "1"]
[WhiteTeam "Hagen U12"]
[BlackTeam "Erlangen SC U12"]
[WhiteTeamCountry "GER"]
[BlackTeamCountry "GER"]

1. d4 d5 2. e3 Nf6 3. Bd3 Nc6 4. c3 Bd7 5. Nd2 g6 6. e4 dxe4 7. Nxe4 Bg7 8. Nf3 Nxe4 9. Bxe4 Bg4 10. Bf4 0-0 11. Qd2 Qc8 12. 0-0 Rd8 13. Qe3 Be6 14. Bh6 Bxh6 15. Qxh6 f6 16. Rfe1 Bd5 17. Re2 Qg4 18. Rae1 Rd6 19. Bxd5+ Rxd5 20. Rxe7 Nxe7 21. Rxe7 Rh5 22. Qg7# 1-0

[Event "GER-chT U12"]
[Site "Arendsee"]
[Date "2011.12.27"]
[Round "1.4"]
[White "Rauch, Marie Louise"]
[Black "Tschammer, Kai"]
[Result "1-0"]
[WhiteElo "1029"]
[BlackElo "946"]
[PlyCount "121"]
[EventDate "2011.12.27"]
[EventType "team-swiss"]
[EventRounds "7"]
[EventCountry "GER"]
[SourceTitle "EXT 2022"]
[Source "ChessBase"]
[SourceDate "2021.10.06"]
[SourceVersion "1"]
[SourceVersionDate "2021.10.06"]
[SourceQuality "1"]
[WhiteTeam "Saalfeld U12"]
[BlackTeam "Erlangen SC U12"]
[WhiteTeamCountry "GER"]
[BlackTeamCountry "GER"]

1. e4 e5 2. Nf3 Nc6 3. Bc4 Nf6 4. Nc3 Nxe4 5. Bb5 Nxc3 6. dxc3 a6 7. Bxc6 bxc6 8. Nxe5 Bc5 9. 0-0 0-0 10. b4 Bd6 11. Re1 Qf6 12. Qd4 Re8 13. Bf4 Bb7 14. Nd3 Qg6 15. g3 Bxf4 16. Qxf4 d6 17. Re3 Qh5 18. Rae1 Rf8 19. Qf3 Qxf3 20. Rxf3 c5 21. Rf4 cxb4 22. cxb4 Rfe8 23. Rxe8+ Rxe8 24. Rc4 Rc8 25. a4 c6 26. Re4 c5 27. Re2 cxb4 28. Nxb4 a5 29. Nd3 Ba6 30. Re3 Kf8 31. Re2 Rc4 32. Nb2 Rxa4 33. Nxa4 Bxe2 34. f4 Ke7 35. Kf2 Bc4 36. Ke3 Kd7 37. Nb6+ Kc6 38. Nxc4 Kb5 39. Kd3 Kb4 40. Nxd6 a4 41. Nc4 a3 42. Nxa3 Kxa3 43. c4 Kb4 44. Kd4 f5 45. Kd5 Ka5 46. Kc6 Ka6 47. Kc7 Ka7 48. c5 g6 49. Kc8 Ka8 50. c6 Ka7 51. c7 Kb6 52. Kd7 Kb5 53. c8Q Kb6 54. Qc6+ Ka5 55. Qb7 h5 56. Kc6 Ka4 57. Kc5 Ka3 58. Kc4 Ka2 59. Kc3 Ka1 60. Kc2 Ka2 61. Qb2# 1-0

[Event "Nuremberg Zabo op 13th"]
[Site "Nuremberg"]
[Date "2011.09.16"]
[Round "1"]
[White "Ross, Sandra"]
[Black "Tschammer, Kai"]
[Result "1-0"]
[WhiteElo "1740"]
[BlackElo "759"]
[PlyCount "85"]
[EventDate "2011.09.16"]
[EventType "swiss"]
[EventRounds "5"]
[EventCountry "GER"]
[SourceTitle "EXT 2013"]
[Source "ChessBase"]
[SourceDate "2012.11.22"]
[SourceVersion "1"]
[SourceVersionDate "2012.11.22"]
[SourceQuality "1"]

1. e4 e5 2. Nf3 Nc6 3. Bb5 Nf6 4. 0-0 Bc5 5. d3 d6 6. c3 a6 7. Ba4 b5 8. Bc2 Bg4 9. h3 Bh5 10. Nbd2 0-0 11. Re1 Qb8 12. Nf1 Qa7 13. Qe2 b4 14. Ng3 bxc3 15. Nxh5 Nxh5 16. bxc3 Rab8 17. Be3 Bxe3 18. Qxe3 Qxe3 19. fxe3 Rb2 20. Bb3 Rd8 21. Rab1 Rxb1 22. Rxb1 Rb8 23. Ng5 Na5 24. Bxf7+ Kf8 25. Rxb8+ Ke7 26. Bxh5 Kf6 27. Nxh7+ Ke7 28. Ng5 Kf6 29. h4 g6 30. Rf8+ Kg7 31. Rf7+ Kg8 32. Bxg6 Kh8 33. h5 Nc6 34. h6 Kg8 35. Rxc7 Nd8 36. Rc8 Kf8 37. Rxd8+ Ke7 38. h7 Kxd8 39. h8Q+ Kc7 40. d4 exd4 41. exd4 Kb6 42. Qb8+ Ka5 43. Qb4# 1-0